<?xml version="1.0" encoding="UTF-8"?>
<record
    xmlns:xsi="http://www.w3.org/2001/XMLSchema-instance"
    xsi:schemaLocation="http://www.loc.gov/MARC21/slim http://www.loc.gov/standards/marcxml/schema/MARC21slim.xsd"
    xmlns="http://www.loc.gov/MARC21/slim">

  <leader>02906cam a2200253 i 4500</leader>
  <datafield tag="999" ind1=" " ind2=" ">
    <subfield code="c">38714</subfield>
    <subfield code="d">38714</subfield>
  </datafield>
  <datafield tag="020" ind1=" " ind2=" ">
    <subfield code="a">9788194283744</subfield>
  </datafield>
  <datafield tag="020" ind1=" " ind2=" ">
    <subfield code="a">8194283744</subfield>
  </datafield>
  <datafield tag="082" ind1="0" ind2="4">
    <subfield code="a">355.033554</subfield>
    <subfield code="b">FUT-</subfield>
  </datafield>
  <datafield tag="245" ind1="0" ind2="0">
    <subfield code="a">Future of land warfare :</subfield>
    <subfield code="b">beyond the horizon /</subfield>
    <subfield code="c">edited by  P.K .Chakravorty.</subfield>
  </datafield>
  <datafield tag="250" ind1=" " ind2=" ">
    <subfield code="a">1st ed.</subfield>
  </datafield>
  <datafield tag="260" ind1=" " ind2=" ">
    <subfield code="a">New Delhi:</subfield>
    <subfield code="b">Pentagon Press,</subfield>
    <subfield code="c">2020.</subfield>
  </datafield>
  <datafield tag="300" ind1=" " ind2=" ">
    <subfield code="a">xix, 272 p. :</subfield>
    <subfield code="b">illustrations (color), maps (black and white, and color) ;</subfield>
    <subfield code="e">24cm</subfield>
  </datafield>
  <datafield tag="500" ind1=" " ind2=" ">
    <subfield code="a">Contributed articles.</subfield>
  </datafield>
  <datafield tag="500" ind1=" " ind2=" ">
    <subfield code="a">"Centre for Land Warfare Studies."</subfield>
  </datafield>
  <datafield tag="504" ind1=" " ind2=" ">
    <subfield code="a">Includes bibliographical references and index.</subfield>
  </datafield>
  <datafield tag="520" ind1=" " ind2=" ">
    <subfield code="a">The book deals with the future of land warfare on the Indian subcontinent. To predict the future is extremely difficult particularly in the field of Warfare. This is due to the fact that wars are impacted by doctrine, technology and people. Also, the introduction of nuclear weapons has made war less frequent and reduced the duration. There are trends which keep changing with the passage of time. Conflicts in the 21st century are short and swift with a combination of effects. Further aspirations of leaders often point towards different military objectives. In such a scenario we could plan at best for a decade and maybe visualise for about 15 years. By and large wars of the future will be conventional, hybrid and would be interstate or with non-state actors. The causes could be territorial or related to historical differences, ideological biases, economic disparity, security and water distribution. Further issues could exacerbate due to impact of climate change, higher rate of population growth of minorities and sectarian or ethnic extremism. The future wars are likely to follow three types. It could be overt, covert and finally outsourced. The future battle space as visualised in the next 15 years would have characteristics which would make it non linear in time and space. Unlike wars of the past they would be swift and would be based on speed. Targets would need to be precisely engaged to avoid collateral damage. Operations would demand jointness between the three services. Further they would be continuous with no pauses. They could be termed as 24x7 operations. In these operations connectivity would play an important part and communications would be available to soldiers, commanders and autonomous weapon systems and vehicles. There would be a need for synergy between air, sea, and outer space while undertaking land warfare. Perception management becomes extremely important as this alone would lead to an effective reorganization of people. Finally technology would play an important role particularly, the application of artificial intelligence.</subfield>
  </datafield>
  <datafield tag="650" ind1=" " ind2="0">
    <subfield code="a">Military</subfield>
  </datafield>
  <datafield tag="650" ind1=" " ind2="0">
    <subfield code="a">National security</subfield>
  </datafield>
  <datafield tag="650" ind1=" " ind2="0">
    <subfield code="a">art and science</subfield>
  </datafield>
  <datafield tag="650" ind1=" " ind2="0">
    <subfield code="x">India</subfield>
  </datafield>
  <datafield tag="700" ind1="1" ind2=" ">
    <subfield code="a">Chakravorty, P. K.</subfield>
    <subfield code="e">editor.</subfield>
  </datafield>
  <datafield tag="710" ind1="2" ind2=" ">
    <subfield code="a">Centre for Land Warfare Studies (New Delhi, India),</subfield>
  </datafield>
  <datafield tag="942" ind1=" " ind2=" ">
    <subfield code="2">ddc</subfield>
    <subfield code="c">BK</subfield>
  </datafield>
  <datafield tag="952" ind1=" " ind2=" ">
    <subfield code="0">0</subfield>
    <subfield code="1">0</subfield>
    <subfield code="4">0</subfield>
    <subfield code="7">0</subfield>
    <subfield code="a">NASSDOC</subfield>
    <subfield code="b">NASSDOC</subfield>
    <subfield code="d">2024-03-20</subfield>
    <subfield code="e">11</subfield>
    <subfield code="g">718.39</subfield>
    <subfield code="l">0</subfield>
    <subfield code="o">355.033554 FUT-</subfield>
    <subfield code="p">53914</subfield>
    <subfield code="r">2024-04-03 00:00:00</subfield>
    <subfield code="v">995.00</subfield>
    <subfield code="w">2024-03-20</subfield>
    <subfield code="y">BK</subfield>
  </datafield>
</record>
